Ethical Evaluation of Accounting Professions in Slovakia Based on the Basis of Tax Aspects
Vybrané problémy z hľadiska etiky pri výkone profesie účtovníka na Slovensku. Skúmaná predovšetkým motivácia znášateľa dane vyhnúť sa povinnosti a postoj účovníka k tejto otázke. Informovanosť medzi účtovníkom a jeho klientom a problémy v tejto oblasti.
Salvato in:
| Autore principale: | |
|---|---|
| Altri autori: | , , |
| Natura: | Capitolo di libro |
| Lingua: | inglese |
| Soggetti: | |
| Tags: |
Nessun Tag, puoi essere il primo ad aggiungerne!!
|
MARC
| LEADER | 00000nla a2200000 4500 | ||
|---|---|---|---|
| 001 | 0183733 | ||
| 005 | 20240502083432.6 | ||
| 041 | 0 | |a eng | |
| 044 | |a CH | ||
| 245 | 1 | 0 | |a Ethical Evaluation of Accounting Professions in Slovakia Based on the Basis of Tax Aspects |c Ľudovít Šrenkel, Marián Smorada, Lenka Kalusová, Simona Černá |
| 520 | |a Vybrané problémy z hľadiska etiky pri výkone profesie účtovníka na Slovensku. Skúmaná predovšetkým motivácia znášateľa dane vyhnúť sa povinnosti a postoj účovníka k tejto otázke. Informovanosť medzi účtovníkom a jeho klientom a problémy v tejto oblasti. | ||
| 610 | 2 | 0 | |a etika |
| 610 | 2 | 0 | |a účtovníci |
| 610 | 2 | 0 | |a dane |
| 610 | 2 | 0 | |a Slovensko |
| 610 | 2 | 0 | |a podvody |
| 100 | 1 | |a Šrenkel, Ľudovít | |
| 700 | 1 | |a Smorada, Marián, 1984- | |
| 700 | 1 | |a Kalusová, Lenka, 1987- | |
| 700 | 1 | |a Černá, Simona | |